Представление документа в формате RUSMARC

ПолеНазваниеЗначение
  Тип записи a
  Библиографический уровень m
001 Контрольный номер RU/IS/BASE/508934108
005 Дата корректировки 20240209174624.8
010 Индекс ISBN __
a ISBN
b Уточнения в пер.
d Цена 50 р. 00 к.
9 Тираж экз.
100 Данные общей обработки __
a Данные общей обработки 20151221d2015 ||| 0rusy0189 ca
101 Язык документа 0_
a Язык текста rus
102 Страна публикации __
a Страна публикации RU
105 Кодированные данные (монография) __
a Кодированные данные (монография) y###||||000|y
200 Заглавие и сведения об ответственности 1_
a Заглавие Росписи петровского времени
b Общее обозначение материала Текст
f Первые сведения об ответственности Б. Ф. Борзин
210 Выходные данные 1_
a Место издания Ленинград
c Издательство Художник РСФСР
d Дата издания 1986
215 Физическое описание __
a Объем 206 с.
c Иллюстрации/тип воспроизводства ил.
300 Общие примечания __
a Общие примечания Ограничения по возрасту - 16+
300 Общие примечания __
a Общие примечания Под инв. номером 145009 : 1-1
606 Тематические рубрики 0_
a Основная рубрика Изобразительное искусство - Росписи
610 Ключевые слова 0_
a Ключевые слова искусство
a Ключевые слова изобразительное искусство
a Ключевые слова история искусства
a Ключевые слова росписи
a Ключевые слова искусствознание
a Ключевые слова русское искусство
a Ключевые слова стенописи
a Ключевые слова дворцы
686 Индексы других классификаций __
a Классификационный индекс 85.103(2)1
2 Код системы ББК
700 Автор _0
a Фамилия Борзин
b Имя (инициалы) Б. Ф.
801 Источник записи _0
a Страна RU
b Организация МБУК ЦБС
c Дата составления 20151221
g Правила каталогизации RCR
801 Источник записи _1
a Страна RU
b Организация МБУК ЦБС г. Ульяновска
c Дата составления 20151221
g Правила каталогизации RCR
899 Данные о местонахождении __
i Авторский знак Б 82
j Расстановочный фильтр 85.103(2)
901 Тип документа __
t Тип документа m
910 Корректоры записи __
a Корректор записи Хисамова